Stany USA graniczące z Kanadą - Statystyki

Ogólne statystyki
  • Ten quiz został rozwiązany 28 razy
    17 od ostatniego zresetowania
  • Średni wynik to 8 z 11
Statystyki odpowiedzi
Stan % Poprawnych
Dakota Północna
88%
Michigan
88%
Waszyngton
88%
Alaska
69%
Idaho
69%
Montana
69%
Nowy Jork
69%
Vermont
69%
Maine
63%
Minnesota
50%
Nowe Hampshire
44%
Nie znaleziono quizów pasujących do podanych kryteriów
Rozkład punktacji
Procent ludzi z każdym wynikiem
Percentyl według liczby udzielonych odpowiedzi
Twoja historia wyników
Nie rozwiązałeś tego quizu od ostatniego zresetowania